TEXT BOOOK OF SOIL PHYSICS (Record no. 8058)

MARC details
000 -LEADER
fixed length control field 00455nam a22001817a 4500
005 - DATE AND TIME OF LATEST TRANSACTION
control field 20230109101520.0
008 - FIXED-LENGTH DATA ELEMENTS--GENERAL INFORMATION
fixed length control field 221216b |||||||| |||| 00| 0 eng d
020 ## - INTERNATIONAL STANDARD BOOK NUMBER
ISBN 978-93-272-2552-5
041 ## - LANGUAGE CODE
Language code of text/sound track or separate title eng
082 ## - DEWEY DECIMAL CLASSIFICATION NUMBER
Classification number 631.43 SAH-S
100 ## - MAIN ENTRY--AUTHOR NAME
Personal name SAHA ,ARUN KUMAR
245 ## - TITLE STATEMENT
Title TEXT BOOOK OF SOIL PHYSICS
250 ## - EDITION STATEMENT
Edition statement 3rd ed.
260 ## - PUBLICATION, DISTRIBUTION, ETC. (IMPRINT)
Place of publication LUDHIANA
Name of publisher KALYANI PUBLISHERS
Year of publication 2022
300 ## - PHYSICAL DESCRIPTION
Number of Pages 528;P.
650 ## - SUBJECT ADDED ENTRY--TOPICAL TERM
Topical Term AGRICULTURE
942 ## - ADDED ENTRY ELEMENTS (KOHA)
Koha item type Books
Holdings
Lost status Damaged status Collection code Home library Current library Shelving location Date acquired Source of acquisition Cost, normal purchase price Full call number Accession Number Koha item type
    Reference JRU Library JRU Library SHELF-2-B 18/10/2022 LOHIA BOOK INTERNATIONAL 550.00 631.43-SAH-S 26918 Books
    AGRICULTURE JRU Library JRU Library SHELF-45-D 18/10/2022 LOHIA BOOK INTERNATIONAL 550.00 631.43-SAH-S 26919 Books
    AGRICULTURE JRU Library JRU Library SHELF-45-D 18/10/2022 LOHIA BOOK INTERNATIONAL 550.00 631.43-SAH-S 26920 Books
    AGRICULTURE JRU Library JRU Library SHELF-45-D 18/10/2022 LOHIA BOOK INTERNATIONAL 550.00 631.43-SAH-S 26921 Books
    AGRICULTURE JRU Library JRU Library SHELF-45-D 18/10/2022 LOHIA BOOK INTERNATIONAL 550.00 631.43-SAH-S 26922 Books